El Espectador y la crítica : (Record no. 188698)

MARC details
000 -LEADER
campo de control de longitud fija 00743nas a2200229 i 4500
001 - NÚMERO DE CONTROL
campo de control 188698
003 - IDENTIFICADOR DE NÚMERO DE CONTROL
campo de control ES-MaACL
005 - FECHA Y HORA DE LA ÚLTIMA TRANSACCIÓN
campo de control 20250217134928.0
008 - DATOS DE LONGITUD FIJA--INFORMACIÓN GENERAL
campo de control de longitud fija 190130d19591985sp a| | ||pa d
022 ## - NÚMERO INTERNACIONAL NORMALIZADO PARA PUBLICACIONES SERIADAS
Número Internacional Normalizado para Publicaciones Seriadas 0425-2799
100 0# - ENTRADA PRINCIPAL--NOMBRE DE PERSONA
Nombre de persona Alvaro, Francisco.
9 (RLIN) 21015
245 13 - MENCIÓN DEL TÍTULO
Título El Espectador y la crítica :
Resto del título el teatro en España en ... /
Mención de responsabilidad, etc. Francisco Álvaro.
260 ## - PUBLICACIÓN, DISTRIBUCIÓN, ETC.
Lugar de publicación, distribución, etc. Valladolid :
Nombre del editor, distribuidor, etc. Sever-Cuesta,
Fecha de publicación, distribución, etc. D.L. 1959-1985.
300 ## - DESCRIPCIÓN FÍSICA
Extensión 29 v. :
Otras características físicas il. ;
Dimensiones 21 cm.
310 ## - PERIODICIDAD ACTUAL
Periodicidad actual Anual
362 0# - FECHAS DE PUBLICACIÓN Y/O DESIGNACIÓN SECUENCIAL
Fecha de publicación y/o designación secuencial Año 1 (1958) - Año 28 (1985)
580 ## - NOTA DE RELACIÓN COMPLEJA
Nota de relación compleja Comenzó a publicarse en 1953 en el diario: El Norte de Castilla.
852 ## - LOCALIZACIÓN
Ubicación ES-MaACL
Número de control de estantería P-404-bis
852 ## - LOCALIZACIÓN
Ubicación ES-MaACL
Número de control de estantería L-11516
Nota libre .- Año 1984
866 #0 - MENCIÓN TEXTUAL DE FONDOS--UNIDAD BIBLIOGRÁFICA BÁSICA
Fondos 1958-1985
Holdings
Estatus retirado Estado de pérdida Estado de daño No para préstamo Colección Biblioteca de origen Biblioteca actual Ubicación en estantería Fecha de adquisición Fuente de adquisición Total de préstamos Signatura topográfica completa Código de barras Visto por última vez Precio de reemplazo Tipo de ítem Koha
        Periódicos y Revistas Biblioteca del Ateneo de Madrid Biblioteca del Ateneo de Madrid Depósito 2 30/01/2019     L-11516 1199714 23/02/2023 23/02/2023 Revista
        Periódicos y Revistas Biblioteca del Ateneo de Madrid Biblioteca del Ateneo de Madrid Depósito 2 30/01/2019     P-404-bis 1199713 23/02/2023 23/02/2023 Revista